La moderna ciencia del urbanismo : (Record no. 91054)

MARC details
000 -LEADER
campo de control de longitud fija 01059nam a2200253 i 4500
001 - NÚMERO DE CONTROL
campo de control 91054
003 - IDENTIFICADOR DE NÚMERO DE CONTROL
campo de control ES-MaACL
005 - FECHA Y HORA DE LA ÚLTIMA TRANSACCIÓN
campo de control 20250802222146.0
007 - CAMPO FIJO DE DESCRIPCIÓN FÍSICA--INFORMACIÓN GENERAL
campo de control de longitud fija t|
008 - DATOS DE LONGITUD FIJA--INFORMACIÓN GENERAL
campo de control de longitud fija 050126s1926 sp ||||1| spa d
100 1# - ENTRADA PRINCIPAL--NOMBRE DE PERSONA
Nombre de persona León Peralta, Alberto.
9 (RLIN) 71635
245 13 - MENCIÓN DEL TÍTULO
Título La moderna ciencia del urbanismo :
Resto del título sus enseñanzas y aplicaciones a la mejora moral y material de las grandes urbes /
Mención de responsabilidad, etc. Alberto León Peralta ; [prólogo de Hilario Crespo].
260 ## - PUBLICACIÓN, DISTRIBUCIÓN, ETC.
Lugar de publicación, distribución, etc. Madrid :
Nombre del editor, distribuidor, etc. [s.n.,
Fecha de publicación, distribución, etc. 1926] (
Fabricante Imp. Municipal)
300 ## - DESCRIPCIÓN FÍSICA
Extensión XXXII, 80 p. :
Otras características físicas il. ;
Dimensiones 28 cm.
530 ## - NOTA DISPONIBLE DE FORMULARIO FÍSICO ADICIONAL
Nota de formato físico adicional disponible Disponible en formato digital.
586 ## - NOTA DE PREMIOS
Nota de premios Obra premiada por el excelentísimo Ayuntamiento de Madrid
650 #7 - PUNTO DE ACCESO ADICIONAL DE MATERIA--TÉRMINO DE MATERIA
Término de materia o nombre geográfico como elemento de entrada Urbanismo
Fuente del encabezamiento o término embne
9 (RLIN) 17692
650 #4 - PUNTO DE ACCESO ADICIONAL DE MATERIA--TÉRMINO DE MATERIA
Término de materia o nombre geográfico como elemento de entrada Ciudades-
Subdivisión de forma Historia.
9 (RLIN) 11076
700 1# - ENTRADA AGREGADA--NOMBRE PERSONAL
Nombre de persona Crespo, Hilario.
9 (RLIN) 41521
852 4# - LOCALIZACIÓN
Ubicación ES-MaACL
Número de control de estantería 1600-F-35
itemnumber 94383
Ubicación en estantería Depósito folletos
Nota libre Revisado enlace: 31 de Marzo de 2025.
856 4# - LOCALIZACIÓN Y ACCESO ELECTRÓNICOS
Identificador Uniforme de Recursos <a href="http://www.memoriademadrid.es/buscador.php?accion=VerFicha&id=27568">http://www.memoriademadrid.es/buscador.php?accion=VerFicha&id=27568</a>
Texto de enlace Biblioteca Digital Memoria de Madrid
942 ## - ELEMENTOS DE ENTRADA SECUNDARIOS (KOHA)
Fuente del sistema de clasificación o colocación Clasificación decimal universal
Holdings
Estatus retirado Estado de pérdida Estado de daño No para préstamo Colección Biblioteca de origen Biblioteca actual Ubicación en estantería Fecha de adquisición Fuente de adquisición Total de préstamos Signatura topográfica completa Código de barras Visto por última vez Precio de reemplazo Tipo de ítem Koha
        Colección de folletos Biblioteca del Ateneo de Madrid Biblioteca del Ateneo de Madrid Depósito folletos 17/01/2008     1600-F-35 1095065 23/02/2023 23/02/2023 Folleto